[Event "23. Open Cappelle la Grande 2007"]
[Site "Cappelle la Grande FRA"]
[Date "2007.03.08"]
[Round "7.13"]
[White "Vovk, Yuri"]
[Black "Bobras, Piotr"]
[Result "0-1"]
[WhiteElo "2497"]
[BlackElo "2542"]
[PlyCount "180"]
[EventDate "2007.03.03"]
[EventType "swiss"]
[EventRounds "9"]
[EventCountry "FRA"]
[Source "lmi"]
[SourceDate "2007.03.03"]

1. d4 Nf6 2. c4 g6 3. Nc3 d5 4. Nf3 Bg7 5. Qb3 dxc4 6. Qxc4 O-O 7. e4 a6 8. Qb3
b5 9. e5 Nfd7 10. e6 fxe6 11. Be3 Nf6 12. Be2 Nc6 13. Ng5 Nxd4 14. Bxd4 Qxd4
15. Nxe6 Bxe6 16. Qxe6+ Kh8 17. Bf3 Rad8 18. O-O Qd6 19. Rfe1 Qxe6 20. Rxe6 Rd2
21. Rxe7 Rxb2 22. Rxc7 Ne8 23. Rc8 Rc2 24. Re1 Bxc3 25. Rcxe8 Bxe1 26. Rxf8+
Kg7 27. Re8 Bxf2+ 28. Kf1 Bh4 29. Re4 Bf6 30. Re2 Rc1+ 31. Re1 Rc2 32. Re2 Rc5
33. Re6 a5 34. Rc6 Re5 35. Rd6 Bh4 36. g3 Be7 37. Rd5 Re3 38. Be2 Ra3 39. Rxb5
Rxa2 40. Rb7 Kf6 41. Rb6+ Ke5 42. Re6+ Kxe6 43. Bc4+ Ke5 44. Bxa2 Kd4 45. Ke2
Kc3 46. Bg8 h6 47. Bf7 g5 48. Kf3 Bc5 49. h4 a4 50. h5 g4+ 51. Kxg4 a3 52. Kf3
Be7 53. g4 Bg5 54. Ke2 Kb2 55. Kd3 a2 56. Bxa2 Kxa2 57. Kc2 Ka1 58. Kd1 Kb2 59.
Ke2 Kc2 60. Ke1 Kd3 61. Kf2 Kd2 62. Kf3 Ke1 63. Ke4 Kd2 64. Kf3 Kd3 65. Kf2 Kd2
66. Kf3 Ke1 67. Ke4 Ke2 68. Kd4 Kf3 69. Kc3 Be3 70. Kd3 Bc5 71. Kd2 Bb4+ 72.
Kd3 Ba5 73. Kc2 Ke2 74. Kb3 Kd3 75. Kb2 Bd2 76. Kb3 Bc3 77. Ka3 Kc2 78. Ka4 Bd2
79. Ka3 Kc3 80. Ka4 Kc4 81. Ka3 Bc1+ 82. Ka4 Bb2 83. Ka5 Ba3 84. Kb6 Bb4 85.
Kc7 Kc5 86. Kd7 Kd5 87. Kc7 Ke4 88. Kc6 Kf4 89. Kd5 Kxg4 90. Kd4 Bc5+ 0-1

[Event "23. Open Cappelle la Grande 2007"]
[Site "Cappelle la Grande FRA"]
[Date "2007.03.08"]
[Round "7.14"]
[White "Gajewski, Grzegorz"]
[Black "Petrosian, Suren"]
[Result "1/2-1/2"]
[WhiteElo "2540"]
[BlackElo "2391"]
[PlyCount "49"]
[EventDate "2007.03.03"]
[EventType "swiss"]
[EventRounds "9"]
[EventCountry "FRA"]
[Source "lmi"]
[SourceDate "2007.03.03"]

1. d4 c5 2. d5 g6 3. e4 Bg7 4. Nf3 d6 5. Bb5+ Nd7 6. a4 Ngf6 7. Nc3 O-O 8. O-O
Nh5 9. Be2 Re8 10. Ng5 h6 11. Nxf7 Kxf7 12. Bxh5 gxh5 13. Qxh5+ Kf8 14. Bxh6
Nf6 15. Bxg7+ Kxg7 16. Qg5+ Kf7 17. f4 Rg8 18. Qh4 Rh8 19. Qe1 c4 20. e5 Qb6+
21. Kh1 Bf5 22. exf6 Rxh2+ 23. Kxh2 Rh8+ 24. Kg3 Rg8+ 25. Kf3 1/2-1/2

[Event "23. Open Cappelle la Grande 2007"]
[Site "Cappelle la Grande FRA"]
[Date "2007.03.08"]
[Round "7.15"]
[White "Dvoirys, Semen I"]
[Black "Plachetka, Jan"]
[Result "1-0"]
[WhiteElo "2534"]
[BlackElo "2410"]
[PlyCount "87"]
[EventDate "2007.03.03"]
[EventType "swiss"]
[EventRounds "9"]
[EventCountry "FRA"]
[Source "lmi"]
[SourceDate "2007.03.03"]

1. e4 e5 2. Nf3 Nc6 3. Bb5 a6 4. Ba4 Nf6 5. O-O Be7 6. Re1 b5 7. Bb3 O-O 8. a4
Bb7 9. d3 d6 10. Nbd2 h6 11. Nf1 Re8 12. Ng3 Bf8 13. c3 Nb8 14. Nh4 Nbd7 15.
Ng6 d5 16. Nxf8 Nxf8 17. Qf3 c5 18. Nf5 c4 19. dxc4 bxc4 20. Bc2 Nxe4 21. Bxh6
Ne6 22. Qg4 Qf6 23. Be3 Rad8 24. Rad1 Nf4 25. f3 Nd6 26. Bxf4 exf4 27. Qxf4
Nxf5 28. Qxf5 Qb6+ 29. Kf1 g6 30. Qg5 Kg7 31. Qd2 Bc6 32. Rxe8 Rxe8 33. Rb1 a5
34. Qf2 Qc7 35. f4 Kg8 36. g3 Qd7 37. Rd1 Qh3+ 38. Kg1 Rb8 39. f5 g5 40. f6 Re8
41. Bf5 Qh6 42. Rf1 Qh5 43. Qc5 Re2 44. h3 1-0

[Event "23. Open Cappelle la Grande 2007"]
[Site "Cappelle la Grande FRA"]
[Date "2007.03.08"]
[Round "7.16"]
[White "Moroz, Alexander"]
[Black "Shneider, Aleksandr"]
[Result "1/2-1/2"]
[WhiteElo "2507"]
[BlackElo "2532"]
[PlyCount "129"]
[EventDate "2007.03.03"]
[EventType "swiss"]
[EventRounds "9"]
[EventCountry "FRA"]
[Source "lmi"]
[SourceDate "2007.03.03"]

1. e4 c5 2. Nf3 d6 3. d4 cxd4 4. Nxd4 Nf6 5. Nc3 a6 6. Be2 e5 7. Nb3 Be7 8. O-O
O-O 9. a4 Be6 10. Bf3 Nbd7 11. Re1 Qb8 12. Nd2 Bd8 13. Nf1 Ba5 14. Bd2 b5 15.
axb5 axb5 16. g4 h6 17. Ng3 Bxc3 18. Rxa8 Qxa8 19. Bxc3 d5 20. h3 Re8 21. Qd2
d4 22. Bb4 Nb8 23. Bd6 Nc6 24. Nf5 Qd8 25. Ba3 Bxf5 26. gxf5 Qb6 27. b3 Ra8 28.
Ra1 b4 29. Bb2 Rxa1+ 30. Bxa1 Na7 31. Bb2 Qa5 32. Kg2 Nb5 33. Qd3 Na3 34. Bc1
Qc5 35. Bd1 Qc6 36. Bd2 Qc5 37. Be1 Nb5 38. Bd2 Nc3 39. Bxc3 dxc3 40. Be2 Kh7
41. Kf3 Qe7 42. Kg2 Qb7 43. Bf3 Qa7 44. Qd1 Qa8 45. Kf1 Qa6+ 46. Kg2 Qb6 47.
Kf1 Kg8 48. Ke2 Kf8 49. Qd3 Ke7 50. Qc4 Qd6 51. Kf1 Qd4 52. Qb5 Nd7 53. Kg2 Qc5
54. Qb7 Qb6 55. Qd5 Qd4 56. Qb7 Kf6 57. h4 Ke7 58. Bg4 Kd8 59. Bf3 Qd2 60. Qxb4
Qxc2 61. Qa5+ Kc8 62. Qa6+ Kc7 63. Qa5+ Kd6 64. Qa6+ Kc7 65. Qa5+ 1/2-1/2

[Event "23. Open Cappelle la Grande 2007"]
[Site "Cappelle la Grande FRA"]
[Date "2007.03.08"]
[Round "7.17"]
[White "Spraggett, Kevin"]
[Black "Moranda, Wojciech"]
[Result "1/2-1/2"]
[WhiteElo "2633"]
[BlackElo "2468"]
[PlyCount "192"]
[EventDate "2007.03.03"]
[EventType "swiss"]
[EventRounds "9"]
[EventCountry "FRA"]
[Source "lmi"]
[SourceDate "2007.03.03"]

1. e4 c5 2. Nf3 Nc6 3. d4 cxd4 4. Nxd4 e5 5. Nb5 d6 6. c4 Be7 7. Bd3 a6 8. N5c3
Bg5 9. Na3 Bxc1 10. Rxc1 Nge7 11. Nc2 O-O 12. O-O Be6 13. b3 Qb8 14. Qd2 Qa7
15. Kh1 Nd4 16. Ne3 Rac8 17. f4 exf4 18. Rxf4 Ndc6 19. Nf5 Ng6 20. Rff1 Rfd8
21. Be2 Nce5 22. h4 f6 23. h5 Bxf5 24. exf5 Ne7 25. h6 b6 26. hxg7 Kxg7 27. Ne4
Ng8 28. Rc3 Kh8 29. Rg3 Rc7 30. Rd1 Rg7 31. Qf4 Rxg3 32. Qxg3 Qe7 33. Qf4 Nf7
34. Bh5 Ne5 35. Nc3 Qg7 36. Ne4 Qe7 37. a4 Qc7 38. Be2 Kg7 39. Rd4 Qc6 40. Ng5
Kh8 41. Ne6 Rd7 42. Qg3 Nh6 43. Qh4 Ng8 44. Rd5 Qb7 45. Bd3 Qb8 46. Be4 Rf7 47.
Qh5 Ra7 48. Qh4 Rf7 49. Rd1 Ne7 50. Qg3 Ng8 51. Qf4 Rd7 52. g3 Ra7 53. Bg2 Rd7
54. Rd4 Ne7 55. g4 Ng8 56. Qd2 Ne7 57. Rf4 Ng8 58. b4 Nh6 59. Qd1 a5 60. b5 Re7
61. Rd4 Re8 62. Bf3 Rg8 63. Rf4 Qe8 64. Kh2 Nhf7 65. Be2 Nh6 66. Qd4 Qb8 67.
Kh3 Qb7 68. Kh2 Qb8 69. Kh3 Qb7 70. Bf3 Qf7 71. Bd1 Qb7 72. Re4 Rc8 73. Be2 Rg8
74. Qe3 Nhf7 75. Qd4 Nh6 76. Kh2 Qb8 77. Rf4 Nhf7 78. Qd5 Nh6 79. Kh3 Qe8 80.
Nc7 Qd7 81. Ne6 Qe8 82. Kh4 Qb8 83. Nd4 Nhf7 84. Qe6 Qd8 85. Nc6 Nxc6 86. bxc6
Ng5 87. Qd5 Qe7 88. Qd4 Rc8 89. Rf2 Rxc6 90. Bf3 Nxf3+ 91. Rxf3 Qe5 92. Rd3
Qe1+ 93. Kh3 Qh1+ 94. Kg3 Qe1+ 95. Kh3 Qh1+ 96. Kg3 Qe1+ 1/2-1/2

[Event "23. Open Cappelle la Grande 2007"]
[Site "Cappelle la Grande FRA"]
[Date "2007.03.09"]
[Round "8.2"]
[White "Miroshnichenko, Evgenij"]
[Black "Arutinian, David"]
[Result "1/2-1/2"]
[WhiteElo "2632"]
[BlackElo "2552"]
[PlyCount "104"]
[EventDate "2007.03.03"]
[EventType "swiss"]
[EventRounds "9"]
[EventCountry "FRA"]
[Source "lmi"]
[SourceDate "2007.03.03"]

1. d4 Nf6 2. Nf3 e6 3. g3 b5 4. Qd3 b4 5. a3 bxa3 6. Nxa3 Bb7 7. Bg2 Be4 8. Qd1
Be7 9. O-O O-O 10. Nc4 c5 11. dxc5 Bxc5 12. c3 d5 13. Ncd2 Nc6 14. Qa4 Rc8 15.
b4 Bb6 16. Bb2 Bxf3 17. Nxf3 Ne4 18. Qb3 Ne7 19. Rad1 Qc7 20. Rd3 Nf5 21. e3
Nfd6 22. Nd2 Nxd2 23. Rxd2 Nc4 24. Rc2 f5 25. Bc1 Qf7 26. Bf3 Rc7 27. Be2 Rfc8
28. Qa4 Qg6 29. Ra2 h5 30. Qd1 h4 31. Bxc4 Rxc4 32. Bd2 Kf7 33. Qf3 Rh8 34.
Rfa1 Kf6 35. Kf1 Qh7 36. Ke2 g5 37. Kd1 Qc7 38. Be1 Kg6 39. Bd2 Rh7 40. Ra4 Qc8
41. Kc2 Rhc7 42. Kb2 Qh8 43. R1a3 a5 44. Kb1 axb4 45. Rxb4 g4 46. Qd1 Bc5 47.
Rxc4 dxc4 48. Ra2 Rb7+ 49. Kc2 Qd8 50. Bc1 Rd7 51. Qf1 Rd3 52. Ra4 Qd5 1/2-1/2

[Event "23. Open Cappelle la Grande 2007"]
[Site "Cappelle la Grande FRA"]
[Date "2007.03.09"]
[Round "8.3"]
[White "Bobras, Piotr"]
[Black "Postny, Evgeny"]
[Result "1/2-1/2"]
[WhiteElo "2542"]
[BlackElo "2616"]
[PlyCount "35"]
[EventDate "2007.03.03"]
[EventType "swiss"]
[EventRounds "9"]
[EventCountry "FRA"]
[Source "lmi"]
[SourceDate "2007.03.03"]

1. e4 e5 2. Nf3 Nc6 3. Bb5 a6 4. Ba4 Nf6 5. O-O Be7 6. Re1 b5 7. Bb3 d6 8. c3
O-O 9. h3 Na5 10. Bc2 c5 11. d4 Nd7 12. b3 exd4 13. cxd4 Nc6 14. Nc3 Bf6 15.
Be3 cxd4 16. Nxd4 Nxd4 17. Bxd4 Bb7 18. Qd2 1/2-1/2

[Event "23. Open Cappelle la Grande 2007"]
[Site "Cappelle la Grande FRA"]
[Date "2007.03.09"]
[Round "8.4"]
[White "Vorobiov, Evgeny E"]
[Black "Dvoirys, Semen I"]
[Result "0-1"]
[WhiteElo "2563"]
[BlackElo "2534"]
[PlyCount "62"]
[EventDate "2007.03.03"]
[EventType "swiss"]
[EventRounds "9"]
[EventCountry "FRA"]
[Source "lmi"]
[SourceDate "2007.03.03"]

1. e4 c5 2. Nf3 Nc6 3. c3 Nf6 4. e5 Nd5 5. d4 cxd4 6. cxd4 d6 7. Bc4 Nb6 8. Bb5
dxe5 9. Nxe5 Bd7 10. Nxd7 Qxd7 11. Nc3 e6 12. O-O Rd8 13. Be3 Be7 14. Qg4 O-O
15. Rad1 Bf6 16. d5 Nxd5 17. Bxa7 Bxc3 18. bxc3 Qe7 19. Bxc6 bxc6 20. Bd4 e5
21. Rfe1 f5 22. Qg3 e4 23. c4 Nb4 24. Bc3 Nxa2 25. Be5 Rxd1 26. Rxd1 Nb4 27.
Rd6 Nd3 28. Re6 Qa7 29. h3 f4 30. Qh4 Nxe5 31. Qg5 Nd3 0-1

[Event "23. Open Cappelle la Grande 2007"]
[Site "Cappelle la Grande FRA"]
[Date "2007.03.09"]
[Round "8.5"]
[White "Ninov, Nikolai"]
[Black "Drozdovskij, Yuri"]
[Result "1/2-1/2"]
[WhiteElo "2506"]
[BlackElo "2562"]
[PlyCount "33"]
[EventDate "2007.03.03"]
[EventType "swiss"]
[EventRounds "9"]
[EventCountry "FRA"]
[Source "lmi"]
[SourceDate "2007.03.03"]

1. e4 e6 2. d4 d5 3. Nc3 dxe4 4. Nxe4 Nd7 5. Nf3 Ngf6 6. Bg5 h6 7. Nxf6+ Nxf6
8. Bh4 c5 9. Ne5 Qa5+ 10. c3 cxd4 11. Qxd4 Bc5 12. Qf4 Bd6 13. Bg3 O-O 14. Nc4
Bxf4 15. Nxa5 Bxg3 16. hxg3 b6 17. Nc4 1/2-1/2

[Event "23. Open Cappelle la Grande 2007"]
[Site "Cappelle la Grande FRA"]
[Date "2007.03.09"]
[Round "8.6"]
[White "Gashimov, Vugar"]
[Black "Lalic, Bogdan"]
[Result "1-0"]
[WhiteElo "2658"]
[BlackElo "2522"]
[PlyCount "49"]
[EventDate "2007.03.03"]
[EventType "swiss"]
[EventRounds "9"]
[EventCountry "FRA"]
[Source "lmi"]
[SourceDate "2007.03.03"]

1. e4 e5 2. Nf3 Nf6 3. Nxe5 d6 4. Nf3 Nxe4 5. d4 d5 6. Bd3 Nc6 7. O-O Be7 8.
Nc3 Nxc3 9. bxc3 O-O 10. h3 h6 11. Re1 Bd6 12. Ne5 Qh4 13. Rb1 Nxe5 14. dxe5
Bc5 15. Qf3 b6 16. Be3 Bxe3 17. Rxe3 Be6 18. Rb4 Qe7 19. Rf4 c5 20. Rf6 Rfd8
21. Qh5 Kf8 22. Rg3 c4 23. Rxg7 cxd3 24. Rg8+ Kxg8 25. Rxh6 1-0

[Event "23. Open Cappelle la Grande 2007"]
[Site "Cappelle la Grande FRA"]
[Date "2007.03.09"]
[Round "8.9"]
[White "Kritz, Leonid"]
[Black "Danielian, Oganes"]
[Result "1/2-1/2"]
[WhiteElo "2597"]
[BlackElo "2515"]
[PlyCount "128"]
[EventDate "2007.03.03"]
[EventType "swiss"]
[EventRounds "9"]
[EventCountry "FRA"]
[Source "lmi"]
[SourceDate "2007.03.03"]

1. Nf3 Nf6 2. b3 d5 3. Bb2 e6 4. e3 c5 5. d4 Nc6 6. Bd3 b6 7. O-O Bb7 8. c4
dxc4 9. bxc4 Be7 10. Re1 O-O 11. Nbd2 Rc8 12. Rc1 Qc7 13. a3 Rfd8 14. Qc2 cxd4
15. exd4 Qf4 16. Ne4 Na5 17. Ne5 Bxe4 18. Bxe4 Bd6 19. Bd3 Bxe5 20. g3 Qxc1 21.
Rxc1 Bxd4 22. Bxd4 Rxd4 23. Bf1 Kf8 24. Rd1 Rxd1 25. Qxd1 Ke7 26. Qf3 h5 27.
Qf4 Nb7 28. h4 Nd6 29. Be2 g6 30. Kf1 Rc5 31. Ke1 Nd7 32. Kf1 Ra5 33. Qe3 Re5
34. Qc3 Rc5 35. Qf3 Nxc4 36. Qb7 Nxa3 37. Qxa7 Nb5 38. Bxb5 Rxb5 39. Qa3+ Nc5
40. Qa7+ Nd7 41. Qa3+ Rc5 42. Qb4 Ke8 43. Qa4 Rd5 44. Qa8+ Ke7 45. Qa3+ Rd6 46.
Qc1 Nc5 47. Qg5+ Ke8 48. Qe5 Rd1+ 49. Kg2 Nd7 50. Qb5 Rd5 51. Qa4 Kf8 52. Qb4+
Kg8 53. Kf1 b5 54. Qa3 Ne5 55. Qa8+ Kg7 56. Ke2 Nc4 57. Qa1+ e5 58. Qa8 Rd2+
59. Ke1 Rb2 60. Qd5 Kf6 61. Qd8+ Ke6 62. Qe8+ Kf6 63. Qd8+ Kg7 64. Qd5 Kf6
1/2-1/2

[Event "23. Open Cappelle la Grande 2007"]
[Site "Cappelle la Grande FRA"]
[Date "2007.03.09"]
[Round "8.10"]
[White "Naumkin, Igor"]
[Black "Landa, Konstantin"]
[Result "0-1"]
[WhiteElo "2510"]
[BlackElo "2596"]
[PlyCount "82"]
[EventDate "2007.03.03"]
[EventType "swiss"]
[EventRounds "9"]
[EventCountry "FRA"]
[Source "lmi"]
[SourceDate "2007.03.03"]

1. d4 Nf6 2. c4 e6 3. Nf3 d5 4. Nc3 Bb4 5. cxd5 exd5 6. Bg5 Nbd7 7. e3 c5 8.
Bd3 c4 9. Bxf6 Qxf6 10. Bc2 Nb6 11. Ba4+ Kf8 12. Ne5 Qg5 13. O-O Bh3 14. Qf3
Qxg2+ 15. Qxg2 Bxg2 16. Kxg2 Bxc3 17. bxc3 Nxa4 18. Rab1 b6 19. Rfc1 f6 20. Nc6
Kf7 21. Nb4 Rad8 22. Na6 Rd6 23. Rb4 b5 24. Nc5 Nxc5 25. dxc5 Rc6 26. Rxb5 Rhc8
27. Ra5 R8c7 28. Rb1 Ke6 29. Rbb5 Kf5 30. f3 g5 31. h3 h5 32. Kg3 h4+ 33. Kg2
Kg6 34. Kf2 Kh5 35. Kg2 Re7 36. Kf2 Rce6 37. Rb2 Rxe3 38. c6 R3e6 39. Rxd5 Rxc6
40. Ra5 Rd6 41. Ra4 Rd3 0-1

[Event "23. Open Cappelle la Grande 2007"]
[Site "Cappelle la Grande FRA"]
[Date "2007.03.09"]
[Round "8.11"]
[White "Grigoriants, Sergey"]
[Black "Dgebuadze, Alexandre"]
[Result "1-0"]
[WhiteElo "2592"]
[BlackElo "2504"]
[PlyCount "67"]
[EventDate "2007.03.03"]
[EventType "swiss"]
[EventRounds "9"]
[EventCountry "FRA"]
[Source "lmi"]
[SourceDate "2007.03.03"]

1. d4 Nf6 2. c4 e6 3. Nc3 Bb4 4. e3 O-O 5. Bd3 d5 6. Nf3 c5 7. O-O Nc6 8. a3
Bxc3 9. bxc3 dxc4 10. Bxc4 Qc7 11. Bb2 b6 12. Qe2 e5 13. h3 Bb7 14. Rfd1 Rad8
15. Rac1 h6 16. Ba2 Rfe8 17. d5 e4 18. Ne1 Ne5 19. c4 Bc8 20. Bb1 Rd6 21. f4
exf3 22. Nxf3 Nxf3+ 23. gxf3 Nh5 24. Qf2 Qe7 25. Re1 Bxh3 26. Kh1 Qg5 27. Rg1
Qe7 28. Qh2 Qd7 29. Be5 Rf6 30. Bxf6 Nxf6 31. e4 Nh5 32. e5 Qd8 33. Rce1 Qh4
34. Re4 1-0

[Event "23. Open Cappelle la Grande 2007"]
[Site "Cappelle la Grande FRA"]
[Date "2007.03.09"]
[Round "8.13"]
[White "Moroz, Alexander"]
[Black "Rozentalis, Eduardas"]
[Result "1/2-1/2"]
[WhiteElo "2507"]
[BlackElo "2582"]
[PlyCount "26"]
[EventDate "2007.03.03"]
[EventType "swiss"]
[EventRounds "9"]
[EventCountry "FRA"]
[Source "lmi"]
[SourceDate "2007.03.03"]

1. e4 g6 2. d4 Bg7 3. Nc3 c6 4. h3 d5 5. Nf3 Nf6 6. Bd3 dxe4 7. Nxe4 Nxe4 8.
Bxe4 Nd7 9. c3 O-O 10. O-O c5 11. Qe2 cxd4 12. Nxd4 Nc5 13. Bf3 e5 1/2-1/2

[Event "23. Open Cappelle la Grande 2007"]
[Site "Cappelle la Grande FRA"]
[Date "2007.03.09"]
[Round "8.16"]
[White "Czakon, Jakub"]
[Black "Gareev, Timur"]
[Result "1/2-1/2"]
[WhiteElo "2485"]
[BlackElo "2551"]
[PlyCount "129"]
[EventDate "2007.03.03"]
[EventType "swiss"]
[EventRounds "9"]
[EventCountry "FRA"]
[Source "lmi"]
[SourceDate "2007.03.03"]

1. d4 g6 2. c4 Bg7 3. e4 d6 4. Nc3 Nd7 5. Nf3 e5 6. Be2 Ne7 7. h4 exd4 8. Nxd4
Nc5 9. h5 Nc6 10. Be3 Ne6 11. Nxe6 Bxe6 12. Qd2 Rg8 13. Nd5 Ne5 14. hxg6 hxg6
15. Rh7 Bxd5 16. cxd5 Qd7 17. Qa5 a6 18. Rc1 Rc8 19. f4 Ng4 20. Bxg4 Qxg4 21.
Rxc7 Bf6 22. Bf2 Bd8 23. Rxc8 Qxc8 24. Qc3 Qg4 25. Qf3 Qc8 26. Qc3 Qg4 27. Rh8
Kf8 28. Rxg8+ Kxg8 29. g3 Qh3 30. Qf3 Ba5+ 31. Ke2 Qc8 32. Qb3 Qc1 33. e5 dxe5
34. fxe5 Qh1 35. e6 Qh5+ 36. Qf3 Qe5+ 37. Kf1 fxe6 38. dxe6 Qxe6 39. Qxb7 Qxa2
40. Qxa6 Qb1+ 41. Kg2 Qe4+ 42. Kh2 Bb4 43. Qa7 Bd6 44. Qe3 Qd5 45. b3 Kh7 46.
Qc3 Be5 47. Qe3 Bd6 48. Kg1 g5 49. Qa7+ Kg6 50. Qb6 Kf5 51. Qe3 g4 52. b4 Qc4
53. Qd2 Bxb4 54. Qd7+ Kg6 55. Qe8+ Kh7 56. Qh5+ Kg7 57. Be3 Qe4 58. Bh6+ Kg8
59. Qg5+ Kf7 60. Qg7+ Ke6 61. Qg8+ Kd7 62. Qf7+ Kc6 63. Qf6+ Kb5 64. Qb2 Kc6
65. Qg2 1/2-1/2

[Event "23. Open Cappelle la Grande 2007"]
[Site "Cappelle la Grande FRA"]
[Date "2007.03.09"]
[Round "8.17"]
[White "Degraeve, Jean-Marc"]
[Black "Gharamian, Tigran"]
[Result "1/2-1/2"]
[WhiteElo "2548"]
[BlackElo "2477"]
[PlyCount "94"]
[EventDate "2007.03.03"]
[EventType "swiss"]
[EventRounds "9"]
[EventCountry "FRA"]
[Source "lmi"]
[SourceDate "2007.03.03"]

1. e4 c5 2. Nf3 d6 3. d4 cxd4 4. Nxd4 Nf6 5. Nc3 a6 6. Bc4 e6 7. Bb3 Nbd7 8. f4
Nc5 9. O-O Be7 10. e5 dxe5 11. fxe5 Nfd7 12. Qe2 Qc7 13. Bf4 b5 14. Bd5 Bb7 15.
Bxb7 Nxb7 16. Ne4 Qc4 17. Qe3 O-O-O 18. b3 Qc7 19. Bg3 Rhf8 20. a4 b4 21. c3
Ndc5 22. cxb4 Nxe4 23. Qxe4 Bxb4 24. Rac1 Nc5 25. Qa8+ Kd7 26. Qf3 Qb7 27. Rc4
Qxf3 28. gxf3 a5 29. Rfc1 Rc8 30. Nb5 Na6 31. Rd1+ Ke7 32. Rg4 Rg8 33. Bh4+ f6
34. Rg2 g5 35. exf6+ Kxf6 36. Bg3 Rgd8 37. Rf1 e5 38. h4 h6 39. hxg5+ hxg5 40.
Rh2 Nc5 41. Rh6+ Kg7 42. Rb6 Nd3 43. Rb7+ Kg6 44. Rc7 Rxc7 45. Nxc7 Nc5 46.
Bxe5 Nxb3 47. Ne6 Re8 1/2-1/2

[Event "23. Open Cappelle la Grande 2007"]
[Site "Cappelle la Grande FRA"]
[Date "2007.03.09"]
[Round "8.18"]
[White "Akesson, Ralf"]
[Black "Oleksienko, Mikhailo"]
[Result "0-1"]
[WhiteElo "2475"]
[BlackElo "2541"]
[PlyCount "96"]
[EventDate "2007.03.03"]
[EventType "swiss"]
[EventRounds "9"]
[EventCountry "FRA"]
[Source "lmi"]
[SourceDate "2007.03.03"]

1. Nf3 Nf6 2. c4 c5 3. Nc3 Nc6 4. d4 cxd4 5. Nxd4 e6 6. Bg5 Qa5 7. Bxf6 gxf6 8.
e3 Bb4 9. Nde2 b5 10. a3 Bxc3+ 11. Nxc3 bxc4 12. Bxc4 Ne5 13. Be2 Rg8 14. f4
Ng6 15. Qd6 Nh4 16. b4 Nf5 17. Qd3 Qb6 18. Bf3 d5 19. Qb5+ Qxb5 20. Nxb5 Rb8
21. Nxa7 Bd7 22. b5 Rb7 23. Nc6 Rxb5 24. Nd4 Nxd4 25. exd4 Ke7 26. O-O Ra8 27.
Bd1 Rb4 28. axb4 Rxa1 29. Bb3 Ra3 30. Rb1 Ba4 31. Bxa4 Rxa4 32. Rb2 Kd6 33. Kf2
Kc6 34. b5+ Kb6 35. Ke3 Ra5 36. Rc2 Rxb5 37. Rc8 Rb3+ 38. Ke2 Rb2+ 39. Kf3 Rd2
40. Rf8 Rd3+ 41. Kg4 Rxd4 42. Rxf7 e5 43. Rxf6+ Kc5 44. h4 Rxf4+ 45. Rxf4 exf4
46. Kxf4 Kc4 47. Ke3 Kc3 48. Ke2 d4 0-1

[Event "23. Open Cappelle la Grande 2007"]
[Site "Cappelle la Grande FRA"]
[Date "2007.03.09"]
[Round "8.19"]
[White "Radulski, Julian"]
[Black "Gajewski, Grzegorz"]
[Result "1/2-1/2"]
[WhiteElo "2475"]
[BlackElo "2540"]
[PlyCount "59"]
[EventDate "2007.03.03"]
[EventType "swiss"]
[EventRounds "9"]
[EventCountry "FRA"]
[Source "lmi"]
[SourceDate "2007.03.03"]

1. e4 e5 2. Nf3 Nc6 3. Bb5 a6 4. Ba4 Nf6 5. O-O Be7 6. Re1 b5 7. Bb3 d6 8. c3
O-O 9. h3 Rb8 10. d4 exd4 11. cxd4 d5 12. e5 Ne4 13. Nbd2 Bf5 14. Bc2 Nb4 15.
Bb1 c5 16. a3 Nc6 17. Nxe4 Bxe4 18. dxc5 Bxc5 19. Be3 Bxe3 20. Rxe3 Bxb1 21.
Rxb1 d4 22. Re4 Qd5 23. Qd3 Rfe8 24. Rbe1 Rbd8 25. b4 h6 26. Qd2 Re6 27. Qd3
Rde8 28. Rc1 Nxe5 29. Nxe5 Rxe5 30. Rxd4 1/2-1/2

[Event "23. Open Cappelle la Grande 2007"]
[Site "Cappelle la Grande FRA"]
[Date "2007.03.09"]
[Round "8.20"]
[White "Yemelin, Vasily"]
[Black "Abergel, Thal"]
[Result "1-0"]
[WhiteElo "2539"]
[BlackElo "2475"]
[PlyCount "73"]
[EventDate "2007.03.03"]
[EventType "swiss"]
[EventRounds "9"]
[EventCountry "FRA"]
[Source "lmi"]
[SourceDate "2007.03.03"]

1. e4 c5 2. Nf3 d6 3. d4 cxd4 4. Nxd4 Nf6 5. Nc3 g6 6. Be3 a6 7. f3 b5 8. Qd2
Nbd7 9. a4 bxa4 10. Nxa4 Bb7 11. c4 Bg7 12. b4 O-O 13. Be2 a5 14. b5 Nc5 15.
Nxc5 dxc5 16. Nb3 Nxe4 17. fxe4 Bxa1 18. Qxd8 Rfxd8 19. Nxa1 Bxe4 20. Kf2 a4
21. Bxc5 Rd2 22. Ke3 Ra2 23. Kxe4 Rxe2+ 24. Kd3 Rxg2 25. Bxe7 Re8 26. Bd6 Rd8
27. c5 Rb2 28. Kc4 a3 29. Nb3 a2 30. Ra1 Re8 31. c6 Re6 32. c7 Kg7 33. Kc3 Ree2
34. Nd4 Rb1 35. c8=Q Rxa1 36. Qf8+ Kf6 37. Qd8+ 1-0

[Event "23. Open Cappelle la Grande 2007"]
[Site "Cappelle la Grande FRA"]
[Date "2007.03.10"]
[Round "9.2"]
[White "Dvoirys, Semen I"]
[Black "Miroshnichenko, Evgenij"]
[Result "0-1"]
[WhiteElo "2534"]
[BlackElo "2632"]
[PlyCount "88"]
[EventDate "2007.03.03"]
[EventType "swiss"]
[EventRounds "9"]
[EventCountry "FRA"]
[Source "lmi"]
[SourceDate "2007.03.03"]

1. e4 c5 2. Nf3 d6 3. c3 Nf6 4. Bd3 Nc6 5. Bc2 Bg4 6. d3 e6 7. Nbd2 Be7 8. h3
Bh5 9. O-O b5 10. g4 Bg6 11. Nh4 Nd7 12. Ng2 e5 13. f4 exf4 14. Nxf4 O-O 15.
Nf3 Nce5 16. Ne1 Rc8 17. Neg2 Nb6 18. Qe2 Bf6 19. Be3 d5 20. Rad1 Re8 21. Qf2
d4 22. cxd4 cxd4 23. Bc1 a5 24. a3 a4 25. Bb1 h6 26. Ba2 Kh8 27. Qg3 Nbd7 28.
h4 Be7 29. Nd5 Bd6 30. h5 Bh7 31. g5 Rxc1 32. gxh6 gxh6 33. Rxc1 Rg8 34. Qh3
Qg5 35. Rc2 Nxd3 36. Rxf7 N7e5 37. Nf6 Nxf7 38. Nxh7 Qe5 39. Bxf7 Nf4 40. Qh4
d3 41. Rd2 Be7 42. Qe1 Nh3+ 43. Kh1 Bd6 44. Nh4 Qxe4+ 0-1

[Event "23. Open Cappelle la Grande 2007"]
[Site "Cappelle la Grande FRA"]
[Date "2007.03.10"]
[Round "9.6"]
[White "Oleksienko, Mikhailo"]
[Black "Grigoriants, Sergey"]
[Result "1/2-1/2"]
[WhiteElo "2541"]
[BlackElo "2592"]
[PlyCount "103"]
[EventDate "2007.03.03"]
[EventType "swiss"]
[EventRounds "9"]
[EventCountry "FRA"]
[Source "lmi"]
[SourceDate "2007.03.03"]

1. e4 c6 2. d4 d5 3. e5 Bf5 4. Nf3 e6 5. Be2 Ne7 6. O-O Nd7 7. Nh4 Be4 8. Nd2
c5 9. Nxe4 dxe4 10. g3 Qb6 11. c3 Rd8 12. Qa4 Nc6 13. Be3 Be7 14. Rab1 Bxh4 15.
gxh4 cxd4 16. cxd4 Qb4 17. Bb5 Qxa4 18. Bxa4 Nb6 19. Bc2 Nxd4 20. Bxe4 Nc4 21.
Bxb7 Nxe3 22. fxe3 Nf5 23. Rf4 Ke7 24. Rc1 Rhe8 25. Rc7+ Kf8 26. Ra4 Rd1+ 27.
Kf2 Rd2+ 28. Kf3 Rxb2 29. Be4 Nxh4+ 30. Kg3 Nf5+ 31. Bxf5 exf5 32. Raxa7 Rxe5
33. Rxf7+ Kg8 34. Rxg7+ Kh8 35. Rxh7+ Kg8 36. Rhg7+ Kf8 37. Rgf7+ Kg8 38. Kf4
Re4+ 39. Kxf5 Rxe3 40. Rg7+ Kf8 41. Rgf7+ Kg8 42. Rfb7 Rxb7 43. Rxb7 Re2 44. a4
Ra2 45. Ra7 Rxh2 46. a5 Kf8 47. a6 Rh6 48. Ke5 Kg8 49. Kd5 Rf6 50. Ra8+ Kg7 51.
Kc5 Rf5+ 52. Kb6 1/2-1/2